000 00394pab a2200169 454500
008 180718b1979 xxu||||| |||| 00| 0 eng d
100 _aShah, Kirtee
245 _aSelf-help in housing: Cost reduction or change agent?
260 _c1979
300 _ap.89-97.
362 _aOct-Dec
650 _aSelf help
650 _aHousing
773 _aNagarlok
908 _aN
909 _a102156
999 _c102154
_d102154